2012 US Championships (All Around) - Statistics

General Stats
  • This quiz has been taken 124 times
  • The average score is 13 of 23
Answer Stats
Home Gym VT UB BB FX Gymnast % Correct
Brestyan's 15.300 14.200 15.450 15.800 Alexandra Raisman
99%
Chow's 15.800 15.850 14.100 15.300 Gabrielle Douglas
99%
Geddert's 15.900 15.050 15.050 15.250 Jordyn Wieber
98%
Gym-Max 15.250 15.350 15.000 14.600 Kyla Ross
92%
Legacy Elite 0.000 15.550 13.650 0.000 Anna Li
88%
All Olympia 8.075 6.700 7.275 7.300 McKayla Maroney
88%
WOGA 0.000 13.650 14.100 0.000 Nastia Liukin
81%
Parkettes 15.600 14.250 13.850 14.800 Elizabeth Price
76%
Brestyan's 15.500 0.000 15.100 0.000 Alicia Sacramone
75%
WOGA 0.000 15.200 13.700 0.000 Rebecca Bross
74%
GAGE 14.900 13.350 15.050 15.150 Sarah Finnegan
67%
Sharp's 14.150 14.950 13.150 13.900 Bridget Sloan
57%
Desert Lights 14.600 11.100 12.300 13.600 Mykayla Skinner
52%
GAGE 14.700 13.950 13.900 14.350 Brenna Dowell
46%
Texas Dreams 14.800 14.750 12.850 14.00 Kennedy Baker
44%
Dynamic 14.500 14.400 14.400 14.650 Sabrina Vega
40%
Cincinnati 14.150 14.300 12.400 14.000 Amanda Jetter
22%
Zenith Elite 12.200 14.700 13.650 12.800 McKenzie Wofford
17%
GK Gym 14.500 14.100 11.250 13.300 Brandie Jay
16%
WOGA 14.200 13.500 11.950 13.500 Grace McLaughlin
16%
Capital 14.150 0.000 0.000 14.300 Mackenzie Brannan
13%
Denton 14.150 13.650 13.600 13.750 Abigail Milliet
12%
Cincinnati 14.100 14.050 13.650 13.700 Brianna Brown
10%
No matching quizzes found
Score Distribution
Percent of People with Each Score
Percentile by Number Answered
Your Score History
You have not taken this quiz